01148nam0a22002891 4500001001100000005001700011021001900028035002600047100004100073101001300114102000700127105001800134200015400152210004400306215002300350300008000373517001800453606009200471607004700563700010000610702002700710702003300737702002900770801001800799801002200817852001900839rc\424313620250612025142.0 aRUb[64-28939] a(NLR Aleph) 008471592 a20130416d1964 |||y0rusy50 ca1 aruscspa aRU aa z |||a|1 aЗеленый ПапаeРоманfПер. с исп. М. Былинкинойg[Предисл. Ю. ПевцоваgИл.: Е. Ракузин] aМоскваcХудож. лит.d1964 a342 с.cил.d20 aНа обороте тит. л.: Miguel Angel Asturias. El Papa Verde. 19540 aEl Papa Verde aАмериканский империализм в Гватемале (х. л.)2psbo aГватемалаz20 в. (х. л.)2psbo 17ca8rusaАстуриасbМ. А.f1899-1974gМигель Анхель3RU\NLR\AUTH\770261165 1aПевцовbЮ.4080 1aБылинкинаbМ.4730 1aРакузинbЕ.4440 0aRUbNLRgpsbo 1aRUbELAR2rusmarc aNLRj64-3/2570